000 00733nam a2200205Ii 4500
003 JO-AjNU
008 230605s9999||||xx |||||||||||||| ||und||
040 _aJO-AjNU
_bara
_erda
_cJO-AjNU
041 _aara
050 1 4 _aBP166.I2632 1990
100 3 _aالجوزي، ابي الفرج ، عناية: طارق السعود,
_eauthor
_98748
245 0 0 _aاللطائف والطب الروحاني
250 _aط2
264 3 1 _aدمشق-بيروت: دار الهجرة للطباعة والنشر والتوزيع، 1990
300 _a164ص
336 _atext
_btxt
_2rdacontent
337 _aunmediated
_bn
_2rdamedia
338 _avolume
_bnc
_2rdacarrier
650 4 _aاخلاق اسلامية- اخلاق اجتماعية
_98749
999 _aA947
_c4515
_d4515